000 00556nam a2200217Ia 4500
003 OSt
005 20220924145602.0
006 a|||||r|||| 00| 0
007 ta
008 220923b |||||||| |||| 00| 0 per d
024 _a329440
037 _cTextual
040 _aARTS
_cARTS
_bper
041 _2per
_aper
082 _aP164,9, 164K3
100 _aHabeebi Abdul Hayi Au.
_9220112
245 0 _aMadar-e-zuban dari
260 _c1963
942 _hP164,9, 164K3
_cTEXL
_2CC
999 _c460559
_d460559